书目信息 |
| 题名: |
洪水调查
|
|
| 作者: | ;水利电力部东北勘测设计院 主编 | |
| 分册: | ||
| 出版信息: | 北京 水利电力出版社 1978 |
|
| 页数: | 243页 | |
| 开本: | 19cm | |
| 丛书名: | ||
| 单 册: | ||
| 中图分类: | P331.1 | |
| 科图分类: | ||
| 主题词: | 洪水--调查--中国 | |
| 电子资源: | ||
| ISBN: | 15143.3340 | |
| 000 | 00681nam0 2200229 450 | |
| 001 | 0178005447 | |
| 005 | 20100712215442.0 | |
| 010 | @a15143.3340@dCNY0.63 | |
| 091 | @a15143.3340 | |
| 100 | @a19950726d1978 em y0chiy0110 ea | |
| 101 | 0 | @achi |
| 102 | @aCN@b110000 | |
| 105 | @ay z 000yy | |
| 106 | @ar | |
| 200 | 1 | @a洪水调查@9Hong Shui Diao;Tiao Cha;Zha @f水利电力部东北勘测设计院主编 |
| 210 | @a北京@c水利电力出版社@d1978 | |
| 215 | @a243页@d19cm | |
| 606 | 0 | @a洪水@x调查@y中国 |
| 690 | @aP331.1@v3 | |
| 711 | 02 | @a水利电力部东北勘测设计院@9shui li dian li bu dong bei kan ce she ji yuan@4主编 |
| 801 | 0 | @aCN@b91MARC@c20130904 |
| 905 | @aBZT@dP331.1@e1@f12@sP331.1/1 | |
| 洪水调查/水利电力部东北勘测设计院主编.-北京:水利电力出版社,1978 |
| 243页;19cm |
| ISBN 15143.3340:CNY0.63 |
| ● |
| 相关链接 |
|
|
|
正题名:洪水调查
索取号:P331.1/1
 
预约/预借
| 序号 | 登录号 | 条形码 | 馆藏地/架位号 | 状态 | 备注 |
| 1 | 2000107587 | 2000107587 | 旧书回溯/ [索取号:P331.1/1] | 在馆 | |
| 2 | 2000107588 | 2000107588 | 旧书回溯/ [索取号:P331.1/1] | 在馆 | |
| 3 | 2000107589 | 2000107589 | 旧书回溯/ [索取号:P331.1/1] | 在馆 | |
| 4 | 2000107590 | 2000107590 | 旧书回溯/ [索取号:P331.1/1] | 在馆 | |
| 5 | 2000107591 | 2000107591 | 旧书回溯/ [索取号:P331.1/1] | 在馆 | |
| 6 | 2000107592 | 2000107592 | 旧书回溯/ [索取号:P331.1/1] | 在馆 | |
| 7 | 2000107593 | 2000107593 | 旧书回溯/ [索取号:P331.1/1] | 在馆 | |
| 8 | 2000107594 | 2000107594 | 旧书回溯/ [索取号:P331.1/1] | 在馆 | |
| 9 | 2000107595 | 2000107595 | 旧书回溯/ [索取号:P331.1/1] | 在馆 | |
| 10 | 2000107596 | 2000107596 | 旧书回溯/ [索取号:P331.1/1] | 在馆 | |
| 11 | 2000107597 | 2000107597 | 旧书回溯/ [索取号:P331.1/1] | 在馆 | |
| 12 | 2000107598 | 2000107598 | 旧书回溯/ [索取号:P331.1/1] | 在馆 |